| 000 | 01183nas a2200349 4500 | ||
|---|---|---|---|
| 001 | BR2011008193 | ||
| 003 | BR-BrBNA | ||
| 005 | 20231205115848.0 | ||
| 007 | ta | ||
| 008 | 230509b bl.|||p| |||| 00| 00por d | ||
| 040 |
_aBR-BrBNA _bpor _cBiblioteca Nacional de Agricultura |
||
| 041 | _a(Pt) | ||
| 072 | _aL40; L70 | ||
| 100 | 1 | _aLannes, S.T. de | |
| 100 | 1 | _aChacar, F.C. | |
| 100 | 1 | _aCarvalho, A.P.M. de | |
| 100 | 1 | _aFerreira, F. da S. | |
| 100 | 1 | _aRodrigues, A.B.F. | |
| 100 | 1 | _aSilveira, L.S. da | |
| 245 | 1 | _aAnálise histológica da língua de spheniscus magellanicus (Pinguim de Magalhães) | |
| 246 | 1 | _aHistological analysis of the tongue of spheniscus magellanicus (Magellanic Penguin) | |
| 650 | _aPINGUIM | ||
| 650 | _aSPHENISCUS MAGELLANICUS | ||
| 650 | _aHISTOLOGIA ANIMAL | ||
| 650 | _aLÍNGUA | ||
| 650 | _aMORFOLOGIA ANIMAL | ||
| 650 | _aVETERINÁRIA | ||
| 650 | _aAUTOPSIA | ||
| 773 | 0 |
_tMEDVEP. Revista Científica de Medicina Veterinária. Pequenos Animais e Animais de Estimação (Brazil) _xISSN 1678-1430 _g(Apr-Jun 2011), v. 9(29) p. 310-313 _wBR2011008193 |
|
| 909 |
_a202311 _bLúcia _c55 _dLúcia Elande |
||
| 942 |
_2AGRIS _n0 _cANA |
||
| 999 |
_c216055 _d216055 |
||